Loading...
| Literature - European Literature | 0 | 9 | 2 | 3 | 80 | 91 | 127.22 | 0 | 0 |
| Literature - World Literature | 0 | 7 | 0 | 2 | 70 | 79 | 112.14 | 1 | 2 |
| Literature - American Literature | 0 | 6 | 2 | 1 | 50 | 107 | 132.33 | 0 | 0 |
| Religion | 0 | 4 | 0 | 1 | 40 | 93 | 123.00 | 0 | 1 |
| Literature - British Literature | 0 | 5 | 3 | 0 | 35 | 73 | 111.60 | 1 | 2 |
| Social Science | 0 | 3 | 0 | 0 | 30 | 78 | 86.33 | 0 | 3 |
| History - World History | 0 | 3 | 0 | 0 | 30 | 66 | 83.33 | 0 | 1 |
| Mythology | 0 | 3 | 0 | 0 | 30 | 72 | 82.67 | 0 | 1 |
| Philosophy | 0 | 4 | 3 | 1 | 25 | 89 | 112.50 | 0 | 2 |
| History - European History | 0 | 2 | 0 | 1 | 20 | 118 | 122.50 | 0 | 0 |
| History - American History | 0 | 2 | 0 | 0 | 20 | 105 | 113.50 | 0 | 1 |
| Painting & Sculpture | 0 | 4 | 5 | 1 | 15 | 20 | 87.25 | 1 | 2 |
| Any History | 0 | 2 | 1 | 1 | 15 | 115 | 128.50 | 0 | 0 |
| Fine Arts - Other Fine Arts | 0 | 2 | 2 | 0 | 10 | 46 | 85.00 | 0 | 1 |
| Current Events | 0 | 1 | 0 | 0 | 10 | 113 | 113.00 | 0 | 1 |
| Science - Other Science | 0 | 1 | 0 | 0 | 10 | 115 | 115.00 | 0 | 0 |